|
|
|
|
| LEADER |
00685nam a22002291a 4500 |
| 001 |
000698379 |
| 003 |
CZ BrMZK |
| 005 |
20210805080922.0 |
| 007 |
ta |
| 008 |
031128s1979 xr f cze d |
| 015 |
|
|
|z cnb001502405
|
| 040 |
|
|
|a BOA001
|b cze
|c BOA002
|d BOA001
|
| 080 |
|
|
|a 885.0(075.3)
|2 MRF
|
| 100 |
1 |
|
|a Pohorský, Miloš,
|d 1929-2013
|7 jk01100312
|4 aut
|
| 245 |
1 |
0 |
|a Literatura pro 3. ročník středních škol /
|c Miloš Pohorský
|
| 250 |
|
|
|a 5. vyd.
|
| 260 |
|
|
|a Praha :
|b Státní pedagogické nakladatelství,
|c 1979
|
| 300 |
|
|
|a 315 s.
|
| 490 |
1 |
|
|a Učebnice pro střední školy
|
| 830 |
|
0 |
|a Učebnice pro střední školy
|
| 910 |
|
|
|a BOA001
|b 2-0744.993-79
|
| 990 |
|
|
|a BK
|